[Event "Prague Open 2025 - A IM Open"]
[Site "Olympik hotel, Prague"]
[Date "2025.01.14"]
[Round "6"]
[Board "18"]
[White "Rindhiya, V"]
[Black "Sindler, Michal"]
[Result "1/2-1/2"]
[WhiteElo "1999"]
[BlackElo "2136"]
[PlyCount "0"]
[EventDate "2025.01.10"]
[EventRounds "9"]
[EventCountry "CZE"]

1. e4 c5 2. Nf3 d6 3. d4 cxd4 4. Nxd4 Nf6 5. Nc3 Nc6 6. Bg5 e6 7. Qd2 a6 8. O-O-O
Bd7 9. f4 b5 10. Kb1 b4 11. Nxc6 Bxc6 12. Bxf6 gxf6 13. Ne2 Qa5 14. Ng3 Qc5 15. f5
h5 16. h4 Ke7 17. Qe2 Bh6 18. Qf3 Qe3 19. fxe6 fxe6 20. Nxh5 Qxf3 21. gxf3 Rag8 22.
Rh3 Be3 23. Ng3 Bf2 24. Ne2 a5 25. h5 e5 26. c3 Rg5 27. cxb4 axb4 28. Nc1 Rhxh5 29.
Rxh5 Rxh5 30. Nd3 Bc5 31. Rc1 Rh1 32. Be2 Rxc1+ 33. Kxc1 f5 34. exf5 Kf6 35. Nxc5
dxc5 36. Kd2 Bd5 37. a4 bxa3 38. bxa3 Kxf5 39. Ke3 c4 40. a4 Ke6 41. f4  1/2-1/2

[Event "Prague Open 2025 - A IM Open"]
[Site "Olympik hotel, Prague"]
[Date "2025.01.14"]
[Round "6"]
[Board "19"]
[White "Kisiel, Wiktor"]
[Black "Felix, Raphael"]
[Result "0-1"]
[WhiteElo "1871"]
[BlackElo "2127"]
[PlyCount "0"]
[EventDate "2025.01.10"]
[EventRounds "9"]
[EventCountry "CZE"]

1. e4 c5 2. Nf3 d6 3. d4 cxd4 4. Nxd4 Nf6 5. Nc3 a6 6. h3 b5 7. g4 Bb7 8. Bg2 e6
9. a3 h6 10. O-O Qc7 11. Be3 Nbd7 12. Qd2 Nc5 13. f3 Rc8 14. Nce2 Ncd7 15. Rac1 d5
16. exd5 Nxd5 17. f4 N7b6 18. Nc3 Nxc3 19. bxc3 Nc4 20. Qe2 Bxg2 21. Kxg2 Nxe3+ 22.
Qxe3 Qxc3 23. Qxc3 Rxc3 24. Rf3 Rc4 25. Rd3 Be7 26. Kf3 O-O 27. c3 Rfc8 28. Ne2 Bxa3
29. Ra1 Bb2 30. Rxa6 Bxc3 31. Nxc3 Rxc3 32. Rxc3 Rxc3+ 33. Kg2 b4 34. Rb6 b3 35.
Rb5 Kf8 36. f5 exf5 37. Rxf5 Ke7 38. Rb5 Ke6 39. Rb7 Rc2+ 40. Kg3 b2 41. Rb5 Kd6
42. h4 Kc6 43. Rb8 Kd5 44. Rb7 Kd4 45. g5 hxg5 46. hxg5 Kc3 47. Rc7+ Kd2  0-1

[Event "Prague Open 2025 - A IM Open"]
[Site "Olympik hotel, Prague"]
[Date "2025.01.14"]
[Round "6"]
[Board "21"]
[White "Moser, Axel"]
[Black "Skettos, Nicolas"]
[Result "1-0"]
[WhiteElo "2160"]
[BlackElo "1954"]
[PlyCount "0"]
[EventDate "2025.01.10"]
[EventRounds "9"]
[EventCountry "CZE"]

1. d4 d5 2. Nf3 Nf6 3. c4 dxc4 4. e3 Bg4 5. Nbd2 e6 6. Nxc4 Nbd7 7. Be2 Be7 8. O-O
O-O 9. b3 c5 10. Bb2 cxd4 11. Nxd4 Bxe2 12. Qxe2 Rc8 13. Rfd1 a6 14. Qf3 b5 15. Nc6
Rxc6 16. Qxc6 bxc4 17. Bxf6 Bxf6 18. Rxd7 Qa5 19. Rad1 c3 20. a4 h6 21. Rb7 Qh5 22.
f3 Qe5 23. Rd3 Qa5 24. b4 Qf5 25. Qc4 g6 26. b5 axb5 27. Rxb5 e5 28. Rxc3 Rd8 29.
Rc1 Kg7 30. Rb7 Bg5 31. Re1 Rd2 32. Re2 Rd1+ 33. Kf2 h5 34. Qe4 Qe6 35. Rc2 Qd6 36.
Re2 Rh1 37. Qc4 Qf6 38. Rb4 Rxh2 39. Kg1 Rh4 40. Qc3 Rxb4 41. Qxb4 Qd8 42. Qb3 Qa5
43. Kf2 Bh4+ 44. g3 Bf6 45. Qc4 Qd8 46. Qc2 h4 47. g4 h3 48. Kg3 Qh8 49. Kh2 Qa8
50. Kg3 Qh8 51. a5 Bh4+ 52. Kh2 Qa8 53. Qe4 Qxa5 54. Kxh3 Qa1 55. f4 Qf1+ 56. Qg2
Qxg2+ 57. Kxg2 exf4 58. exf4 Bf6 59. Kf3 Bd4 60. Ke4 Bc3 61. Kd5 Kf6 62. Kd6 Bb4+
63. Kd7 Ba3 64. Rc2 Bb4 65. Rc6+ Kg7 66. Ke8 f5 67. g5 Bd2 68. Rc7+ Kg8 69. Rc4 Be3
70. Ke7 Kg7 71. Ke6 Bd2 72. Rd4 Bc3 73. Rd7+ Kg8 74. Rf7 Bd4 75. Rd7 Bc3 76. Ke7
Kg7 77. Ke6+ Kg8 78. Rd3 Bb2 79. Rb3 Ba1 80. Kd5 Kf7 81. Kc4 Ke6 82. Rb1 Bh8 83.
Rh1 Bb2 84. Rb1 Ba3 85. Rb6+ Kf7 86. Kd5 Bc1 87. Rb7+ Kg8 88. Ke6 Bxf4 89. Kf6 Bd2
90. Kxg6 Kf8 91. Kxf5 Bc3 92. Kg6 Be5 93. Kh7  1-0

[Event "Prague Open 2025 - A IM Open"]
[Site "Olympik hotel, Prague"]
[Date "2025.01.15"]
[Round "7"]
[Board "1"]
[White "Harshavardhan, G B"]
[Black "Lewtak, Damian"]
[Result "1/2-1/2"]
[WhiteElo "2405"]
[BlackElo "2359"]
[PlyCount "0"]
[EventDate "2025.01.10"]
[EventRounds "9"]
[EventCountry "CZE"]

1. d4 Nf6 2. c4 e6 3. Nf3 b6 4. g3 Bb7 5. Bg2 Be7 6. O-O O-O 7. h4 Qc8 8. Nc3 Ne4
9. Bd2 d6 10. Qc2 Nxd2 11. Qxd2 Nd7 12. e4 c5 13. d5 exd5 14. exd5 Nf6 15. Rfe1 Re8
16. Qd3 h6 17. Re2 Bf8 18. Rae1 Qd7 19. Ne4 Nxe4 20. Rxe4 Rxe4 21. Qxe4 Bc8 22. Nd2
Qf5 23. Qxf5 Bxf5 24. Kh2 Bd7 25. Bh3 Re8 26. Rd1 f5 27. Bf1 g5 28. hxg5 hxg5 29.
Nf3 g4 30. Nh4 Be7 31. Ng6 Bf6  1/2-1/2

[Event "Prague Open 2025 - A IM Open"]
[Site "Olympik hotel, Prague"]
[Date "2025.01.15"]
[Round "7"]
[Board "2"]
[White "Jain, Kashish Manoj"]
[Black "Senthil, Maran K"]
[Result "1-0"]
[WhiteElo "2363"]
[BlackElo "2398"]
[PlyCount "0"]
[EventDate "2025.01.10"]
[EventRounds "9"]
[EventCountry "CZE"]

1. e4 c5 2. Nf3 g6 3. c3 d5 4. exd5 Qxd5 5. d4 Bg7 6. Na3 cxd4 7. Nb5 Na6 8. Nbxd4
Nf6 9. Bb5+ Bd7 10. Bxa6 bxa6 11. O-O O-O 12. Re1 e6 13. Ne5 Qb7 14. c4 Rfd8 15.
Qb3 Qc7 16. Qf3 h6 17. Bxh6 Bxh6 18. Qxf6 Be8 19. Ndf3 Bg7 20. Qh4 Rd6 21. Ng4 Qd8
22. Ng5 Rb8 23. Nh6+ Bxh6 24. Qxh6 Rd2 25. Qh7+ Kf8 26. Rxe6 Rd1+ 27. Re1 Rxe1+ 28.
Rxe1 Qf6 29. b3 Rd8 30. Qh6+ Kg8 31. Qh7+ Kf8 32. Ne4 Qg7 33. Qxg7+ Kxg7 34. c5 Rd5
35. f3 Bc6 36. Kf2 a5 37. a4 Kh6 38. h4 Kg7 39. Re3 Kf8 40. g4 f5 41. Ng5 fxg4 42.
fxg4 Bd7 43. Kf3 Bc6 44. Kg3 Bd7 45. Kf4 Rd1 46. Nf3 Rc1 47. Ne5 Be8 48. Kg5  1-0

[Event "Prague Open 2025 - A IM Open"]
[Site "Olympik hotel, Prague"]
[Date "2025.01.15"]
[Round "7"]
[Board "3"]
[White "Kulhanek, Tomas"]
[Black "Vardanyan, Aras"]
[Result "1/2-1/2"]
[WhiteElo "2313"]
[BlackElo "2312"]
[PlyCount "0"]
[EventDate "2025.01.10"]
[EventRounds "9"]
[EventCountry "CZE"]

1. e4 c5 2. Nf3 d6 3. Bb5+ Nd7 4. c3 Ngf6 5. Bd3 a6 6. Bc2 b5 7. O-O Bb7 8. Re1 e6
9. d4 Be7 10. Nbd2 Qc7 11. Nf1 O-O 12. Ng3 Rfe8 13. h3 Bf8 14. Bg5 g6 15. Rc1 Bg7
16. a3 e5 17. d5 c4 18. Qd2 Nc5 19. Bh6 Qe7 20. Nh2 a5 21. Bg5 Bc8 22. Rf1 Rb8 23.
Kh1 Kh8 24. f3 Rb7 25. Ng4 h5 26. Bxf6 Bxf6 27. Qh6+ Kg8 28. Nxf6+ Qxf6 29. Nxh5
Qh8 30. Qxh8+ Kxh8 31. Nf6 Ree7 32. f4 Kg7 33. fxe5 Rxe5 34. Ra1 Rbe7 35. Kh2 Nd7
36. Nxd7 Bxd7 37. Rfd1 f5 38. exf5 Re2 39. Rf1 R7e3 40. Rac1 Rd2 41. fxg6 Bxh3 42.
Rf7+ Kg8 43. Be4 Rxe4 44. Kxh3 Re3+ 45. g3 Rxd5 46. Rcf1 Rdd3 47. Rf8+ Kg7 48. R8f7+
Kxg6 49. R1f6+ Kg5 50. Rf5+ Kg6 51. R5f6+ Kg5 52. Rf5+  1/2-1/2

[Event "Prague Open 2025 - A IM Open"]
[Site "Olympik hotel, Prague"]
[Date "2025.01.15"]
[Round "7"]
[Board "4"]
[White "Horak, Martin"]
[Black "Tolmacevs, Artjoms"]
[Result "1/2-1/2"]
[WhiteElo "2357"]
[BlackElo "2252"]
[PlyCount "0"]
[EventDate "2025.01.10"]
[EventRounds "9"]
[EventCountry "CZE"]

1. e4 c5 2. Nf3 d6 3. d4 cxd4 4. Nxd4 Nf6 5. Nc3 a6 6. Rg1 e5 7. Nb3 b5 8. a4 b4
9. Nd5 Nbd7 10. Bg5 Bb7 11. Bc4 Rc8 12. Qd3 Be7 13. Bxf6 Nxf6 14. Bxa6 Bxa6 15. Qxa6
Nxd5 16. exd5 O-O 17. O-O-O Qc7 18. Qd3 Ra8 19. a5 Bg5+ 20. Kb1 Rfc8 21. g3 Rxa5
22. f4 exf4 23. gxf4 Bf6 24. Nxa5 Qxa5 25. Qb3 Ra8 26. Kc1 Qc5 27. Kb1 Qa7 28. Kc1
Qf2 29. Kb1 Qa7 30. Kc1 Qf2  1/2-1/2

[Event "Prague Open 2025 - A IM Open"]
[Site "Olympik hotel, Prague"]
[Date "2025.01.15"]
[Round "7"]
[Board "5"]
[White "Diachek, Andrii"]
[Black "Lalic, Bogdan"]
[Result "1/2-1/2"]
[WhiteElo "2104"]
[BlackElo "2321"]
[PlyCount "0"]
[EventDate "2025.01.10"]
[EventRounds "9"]
[EventCountry "CZE"]

1. e4 e6 2. d4 d5 3. Nd2 c5 4. exd5 Qxd5 5. Ngf3 cxd4 6. Bc4 Qd7 7. O-O Nc6 8. Nb3
a6 9. Nbxd4 Nxd4 10. Nxd4 Qc7 11. Qe2 Bd6 12. h3 Ne7 13. Bd3 Bd7 14. Re1 Ng6 15.
Qe4 O-O 16. Nf3 Bc6 17. Qg4 Bxf3 18. Qxf3 Ne5 19. Qe4 Nxd3 20. Qxd3 Rfd8  1/2-1/2

[Event "Prague Open 2025 - A IM Open"]
[Site "Olympik hotel, Prague"]
[Date "2025.01.15"]
[Round "7"]
[Board "6"]
[White "Colijn, Stefan"]
[Black "Chan, Kim Yew"]
[Result "1/2-1/2"]
[WhiteElo "2315"]
[BlackElo "2258"]
[PlyCount "0"]
[EventDate "2025.01.10"]
[EventRounds "9"]
[EventCountry "CZE"]

1. e4 c5 2. Nf3 e6 3. c3 d5 4. e5 d4 5. Bd3 Bd7 6. b4 cxb4 7. O-O Nc6 8. a3 a5 9.
Bb2 Nge7 10. Re1 Nd5 11. Re4 dxc3 12. dxc3 Be7 13. c4 Nc7 14. Rg4 g6 15. Nbd2 bxa3
16. Rxa3 O-O 17. Ne4 Ne8 18. c5 Nb4 19. Bb1 Bc6 20. Nd6 b6 21. Qd2 bxc5 22. Qh6 Nd5
23. Ng5 Bxg5 24. Rxg5 Nf4 25. Rg4 Rb8 26. Rh4 Qxh4 27. Qxh4 Rxb2 28. Ra1 Nxd6 29.
Qxf4 Rfb8 30. Qc1 Ne4 31. f3 Nc3 32. Bd3 Ne2+ 33. Bxe2 Rxe2 34. Qxc5 Bd5 35. Qxa5
h5 36. Re1 Ra2 37. Qc7 Rbb2 38. Qd8+ Kh7 39. Qg5 Rc2 40. h4 Rab2 41. Rc1 Kg8 42.
Rxc2 Rxc2 43. Qf6 Rc3 44. Kf2 Rb3 45. Kg3 Rb4 46. Kf2 Rb3 47. Qe7 Rc3 48. Qg5 Rb3
49. Ke2 Ra3 50. Kd2 Rb3 51. Kc2 Ra3 52. Kb2 Rb3+ 53. Kc1 Rc3+ 54. Kd2 Rb3 55. Kc2
Ra3 56. Qd8+ Kg7 57. Qf6+ Kg8 58. Qg5 Kg7 59. Kd2 Rb3 60. Ke2 Ra3 61. Kf2 Rb3 62.
Qe7 Rc3 63. Kg3 Rc4 64. Qf6+ Kg8 65. Qd8+ Kg7 66. Qa5 Rd4 67. Qc3 Rc4 68. Qd2 Ra4
69. Kh3 Rc4 70. Qg5 Kg8 71. Qf6 Rc3 72. Qe7 Kg7 73. Kh2 Rc2 74. Qd8 Rc4 75. Kg3 Ra4
76. Kf2 Ra2+ 77. Kg3 Ra4 78. Qg5 Rc4 79. Kf2 Rc3 80. Ke2 Ra3 81. Kd2 Rb3 82. Kc2
Ra3 83. Kd1 Rd3+ 84. Ke1 Ra3 85. Kf2 Rc3 86. Qe7 Rc4 87. Qf6+ Kg8 88. Ke3 Ra4 89.
Qg5 Kg7 90. f4 Re4+ 91. Kd3 Re1 92. g4 Bf3 93. f5 Bxg4 94. Qf6+ Kg8 95. Qd8+ Kh7
96. Qf8 Bxf5+ 97. Kd2 Re4 98. Qxf7+ Kh8 99. Kc3 Rg4 100. Qf8+  1/2-1/2

[Event "Prague Open 2025 - A IM Open"]
[Site "Olympik hotel, Prague"]
[Date "2025.01.15"]
[Round "7"]
[Board "7"]
[White "Felix, Raphael"]
[Black "Marek, Matyas"]
[Result "0-1"]
[WhiteElo "2127"]
[BlackElo "2314"]
[PlyCount "0"]
[EventDate "2025.01.10"]
[EventRounds "9"]
[EventCountry "CZE"]

1. e4 c5 2. Nf3 Nc6 3. d4 cxd4 4. Nxd4 g6 5. c4 Nf6 6. Nc3 d6 7. Be2 Nxd4 8. Qxd4
Bg7 9. O-O O-O 10. Qd1 Bd7 11. Be3 Bc6 12. Qc2 a6 13. Rad1 Qa5 14. a3 b5 15. b4 Qc7
16. c5 dxc5 17. Bxc5 Qb7 18. Bf3 Rfd8 19. Nd5 Nxd5 20. exd5 Bxd5 21. Rxd5 Rxd5 22.
Bxe7 Qxe7 23. Bxd5 Rd8 24. Bf3 Bd4 25. Qc6 Rd6 26. Qc2 Qf6 27. Rd1 h5 28. Qe2 Kg7
29. h3 Qf4 30. Qd2 Qh4 31. Qe2 Rf6 32. Rf1 Qf4 33. Qe4 Qd2 34. Qd5 Qc3 35. Rd1 Bb6
36. Qd3 Qe5 37. Rc1 g5 38. Qc3 Qf4 39. Bxh5 Bd4 40. Qc2 Bxf2+ 41. Kh1 Bd4 42. Qd1
Be5 43. Qg1 Qg3 44. Be2 Qxa3 45. Bf3 Qxb4 46. Re1 Bd4 47. Re4 Bxg1 48. Rxb4 Bc5 49.
Rb1 Rb6 50. Bd1 f5 51. Rc1 Bd6 52. g4 fxg4 53. hxg4 Kf6 54. Bb3 Ke5 55. Kg2 Kd4 56.
Kf3 a5 57. Rb1 Kc3 58. Ke4 Bb4 59. Kf5 a4 60. Bd1 a3 61. Bb3 Be7 62. Ba2 Rf6+ 63.
Ke5 b4 64. Rb3+ Kc2 65. Re3 Rf2 66. Kd4 Kb2 67. Bc4 Bf6+ 68. Kc5 Bc3 69. Kb5 a2 70.
Bxa2 Kxa2 71. Ka4 b3 72. Rxc3 Rf4+ 73. Ka5 b2 74. Rc2 Ka1 75. Rc3 b1=Q 76. Ra3+ Kb2
 0-1

[Event "Prague Open 2025 - A IM Open"]
[Site "Olympik hotel, Prague"]
[Date "2025.01.15"]
[Round "7"]
[Board "8"]
[White "Radzimski, Antoni"]
[Black "Shapovalovi, Vasiko"]
[Result "1/2-1/2"]
[WhiteElo "2289"]
[BlackElo "2078"]
[PlyCount "0"]
[EventDate "2025.01.10"]
[EventRounds "9"]
[EventCountry "CZE"]

1. d4 d6 2. e4 g6 3. c4 Bg7 4. Nc3 c6 5. Be2 a6 6. Nf3 Bg4 7. O-O Qc7 8. a4 a5 9.
Be3 Na6 10. Qd2 e5 11. Rad1 Ne7 12. dxe5 dxe5 13. h3 Bxf3 14. Bxf3 b6 15. Qd6 Qxd6
16. Rxd6 Nc5 17. Bg4 O-O 18. Bd7 Nb7 19. Rd2 Nc5 20. Rfd1 Rfb8 21. Rd6 Nb7 22. Rxc6
Nxc6 23. Bxc6 Bf8 24. Rd7 Nc5 25. Bxc5 Bxc5 26. Bxa8 Rxa8 27. Nd5 Rb8 28. g3 h5 29.
Kg2 Kf8 30. f4 h4 31. gxh4 exf4 32. Kf3 Kg7 33. Kxf4 Rh8 34. Kg4 Bf2 35. Kf3 Bd4
36. Kg3 Re8 37. Kf3 Rh8 38. h5 Bxb2 39. hxg6 Kxg6 40. Rd6+ Kg5 41. Rxb6 Bd4 42. Rb5
Rxh3+ 43. Ke2 f5 44. c5 fxe4 45. c6 Rh2+ 46. Kd1 Be5 47. c7 Bxc7 48. Nxc7+ Kf4 49.
Ne6+ Kf3 50. Ng5+ Ke3 51. Rxa5 Ra2 52. Kc1 Kd3 53. Kb1 Rg2 54. Ne6 Rg1+ 55. Kb2 e3
56. Re5 Rf1 57. Rd5+ Ke4 58. Rd8 e2 59. Nc5+ Kf5 60. Nd3 Rd1 61. Re8 Rxd3 62. Rxe2
Kf6 63. Re8 Rd6 64. Kb3 Re6 65. Rh8 Ke7 66. a5 Kd7 67. Kb4 Kc7 68. Kb5 Kb7 69. Rh7+
Ka8 70. Rh5  1/2-1/2

[Event "Prague Open 2025 - A IM Open"]
[Site "Olympik hotel, Prague"]
[Date "2025.01.15"]
[Round "7"]
[Board "9"]
[White "Topencik, Bruno"]
[Black "Sokhor, Nazar"]
[Result "1/2-1/2"]
[WhiteElo "1985"]
[BlackElo "2265"]
[PlyCount "0"]
[EventDate "2025.01.10"]
[EventRounds "9"]
[EventCountry "CZE"]

1. d4 d5 2. c4 c6 3. Nc3 Nf6 4. e3 a6 5. Bd3 b5 6. b3 b4 7. Na4 Bg4 8. Ne2 e6 9.
O-O Nbd7 10. f3 Bf5 11. Bxf5 exf5 12. Ng3 g6 13. Re1 Bd6 14. Nf1 O-O 15. Bb2 Re8
16. Qd2 Bf8 17. Rac1 Qb8 18. Nc5 a5 19. Nd3 Qb7 20. Kf2 Bd6 21. Kg1 h5 22. Qf2 Rac8
23. Kh1 Nh7 24. Nd2 Nhf6 25. Qh4 Be7 26. Qh3 Bf8 27. Qh4 Bg7 28. Qg3 Qb8 29. Qf2
Bh6 30. a3 bxa3 31. Bxa3 Re6 32. g3 g5 33. Bb2 Rce8 34. Bc3 Qd8 35. Ra1 Qe7 36. Bxa5
Rxe3 37. Ne5 f4 38. Rxe3 fxe3 39. Qxe3 Nxe5 40. Qxe5 Qxe5 41. dxe5 Rxe5 42. Bc3 Re6
43. Bxf6 Rxf6 44. cxd5 cxd5 45. Kg2 Re6 46. Kf1 Bf8  1/2-1/2

[Event "Prague Open 2025 - A IM Open"]
[Site "Olympik hotel, Prague"]
[Date "2025.01.15"]
[Round "7"]
[Board "10"]
[White "Pourquet, Matthieu"]
[Black "Wilks, Simon"]
[Result "1-0"]
[WhiteElo "2262"]
[BlackElo "2069"]
[PlyCount "0"]
[EventDate "2025.01.10"]
[EventRounds "9"]
[EventCountry "CZE"]

1. c4 e6 2. g3 Nf6 3. Bg2 d5 4. Nf3 d4 5. O-O c5 6. e3 Nc6 7. d3 Bd6 8. exd4 cxd4
9. Bg5 h6 10. Bxf6 Qxf6 11. Nfd2 Qe7 12. Ne4 Bc7 13. Na3 O-O 14. Nb5 Bb6 15. Rc1
Bc5 16. Qh5 f5 17. Nxc5 Qxc5 18. Qe2 Nd8 19. b4 Qxb4 20. Nxd4 Bd7 21. Rfe1 Rc8 22.
Rb1 Qc5 23. Qb2 f4 24. Re4 fxg3 25. hxg3 Rf6 26. Rbe1 a6 27. Re5 Qd6 28. R5e3 Rc5
29. Nb3 Rh5 30. Nd2 Qf8 31. Ne4 Rg6 32. d4 Bc6 33. Qe2 Ra5 34. c5 Ra4 35. Qd2 Rg4
36. Bh3 Rg6 37. Nc3 Rc4 38. d5 exd5 39. Nxd5 Qxc5 40. Ne7+ Kh7 41. Qxd8  1-0

[Event "Prague Open 2025 - A IM Open"]
[Site "Olympik hotel, Prague"]
[Date "2025.01.15"]
[Round "7"]
[Board "11"]
[White "Jaskolka, Tomasz"]
[Black "Karaivanova, Petya"]
[Result "1-0"]
[WhiteElo "2210"]
[BlackElo "2035"]
[PlyCount "0"]
[EventDate "2025.01.10"]
[EventRounds "9"]
[EventCountry "CZE"]

1. Nf3 Nf6 2. c4 e6 3. g3 d5 4. Bg2 dxc4 5. Qa4+ Nbd7 6. Qxc4 c5 7. O-O b6 8. b3
Bb7 9. Bb2 Be7 10. Qc2 O-O 11. Nc3 Rc8 12. Rac1 a6 13. Rfd1 Qc7 14. Qb1 Qb8 15. Qa1
Qa8 16. d3 Rfd8 17. h3 b5 18. a4 b4 19. Nb1 a5 20. Nbd2 Nb6 21. Ne1 Bxg2 22. Nxg2
Ne8 23. Ne3 Bf6 24. Ndc4 Nxc4 25. Rxc4 Qa7 26. Rdc1 Rc7 27. Be5 Rcc8 28. Rg4 Kf8
29. Nc4 Bxe5 30. Qxe5 Rd5 31. Qb2 Nf6 32. Rf4 Rh5 33. Rxf6 gxf6 34. Qxf6 Qb8 35.
Nb6 Qxb6 36. Qh8+ Ke7 37. Qxc8 Qd6 38. Rc4 Qe5 39. Qb7+ Kf8 40. Qa8+ Kg7 41. Rg4+
Rg5 42. Qe4 Qa1+ 43. Kg2 Rxg4 44. Qxg4+ Kf8 45. Qc4 Qe5 46. e3 Qd5+ 47. Kf1 Qh5 48.
Ke1 Qe5 49. h4 Kg8 50. Ke2 Qb2+ 51. Kf3 Qf6+ 52. Kg2 Qe5 53. Kf1 Qh5 54. Ke1 Qe5
55. d4 cxd4 56. Qxd4 Qf5 57. Qd8+ Kg7 58. Qg5+ Qxg5 59. hxg5 Kg6 60. Ke2 e5 61. Kd3
Kf5 62. f4 Kg4 63. Ke4 Kxg3 64. Kxe5 Kf3 65. Kd4 Ke2 66. e4 Kf3 67. f5 Kf4 68. g6
 1-0

[Event "Prague Open 2025 - A IM Open"]
[Site "Olympik hotel, Prague"]
[Date "2025.01.15"]
[Round "7"]
[Board "14"]
[White "Skodras, Marios Konstantinos"]
[Black "Moser, Axel"]
[Result "1/2-1/2"]
[WhiteElo "2013"]
[BlackElo "2160"]
[PlyCount "0"]
[EventDate "2025.01.10"]
[EventRounds "9"]
[EventCountry "CZE"]

1. Nf3 c5 2. b3 Nf6 3. Bb2 e6 4. g3 b6 5. Bg2 Bb7 6. d3 g6 7. O-O Bg7 8. e4 d6 9.
Nbd2 O-O 10. a4 e5 11. Nc4 Nc6 12. Ne3 Nd4 13. Nxd4 cxd4 14. Nc4 Qc7 15. f4 exf4
16. gxf4 d5 17. e5 dxc4 18. exf6 Bxf6 19. bxc4 Bxg2 20. Kxg2 Rfe8 21. Qf3 Rad8 22.
Bc1 Qe7 23. Bd2 Bh4 24. Rad1 Qd7 25. a5 Qf5 26. axb6 axb6 27. Rb1 Re6 28. Rb5 Qf6
29. f5 Rc6 30. Kh3 g5 31. Qe2 Rc5 32. Rxc5 bxc5 33. Ba5 Rc8 34. Qe4 Kf8 35. Qd5 h5
36. Be1 g4+ 37. Kg2 Kg8 38. Bxh4 Qxh4 39. Qe5  1/2-1/2

[Event "Prague Open 2025 - A IM Open"]
[Site "Olympik hotel, Prague"]
[Date "2025.01.15"]
[Round "7"]
[Board "15"]
[White "Verner, Matej"]
[Black "Mannion, Stephen R"]
[Result "0-1"]
[WhiteElo "1948"]
[BlackElo "2159"]
[PlyCount "0"]
[EventDate "2025.01.10"]
[EventRounds "9"]
[EventCountry "CZE"]

1. e4 e5 2. f4 exf4 3. Nf3 d6 4. d4 g5 5. Nc3 Bg7 6. g3 Nc6 7. d5 Ne5 8. gxf4 gxf4
9. Bxf4 Bg4 10. Bb5+ Kf8 11. Be2 Nxf3+ 12. Bxf3 Bxc3+ 13. bxc3 Qf6 14. Bxg4 Qxf4
15. Qe2 Re8 16. Bf5 Nh6 17. Rf1 Qh4+ 18. Kd2 Nxf5 19. Rxf5 Rxe4 20. Qf3 Qh6+ 21.
Kd3 Re7 22. Rb1 b6 23. Rf1 Qg6 24. Kc4 Rg8 25. Rf6 Qg4+ 26. Qxg4 Rxg4+ 27. Kb5 a5
28. c4 Rg2 29. R1f2 Rxf2 30. Rxf2 Re4 31. c5 dxc5 32. Kc6 Re7 33. d6 cxd6 34. Kxb6
Re4 35. Kxa5 Rb4 36. a3 Rb2 37. a4 Ke7 38. Ka6 d5 39. a5 d4 40. Rd2 Kd6 41. Ka7 f5
42. a6 f4 43. Ka8 Ke5 44. a7 f3 45. h4 Kf4 46. h5 Ke3 47. Rd3+ Ke2 48. h6 f2 49.
c4 Ra2  0-1

[Event "Prague Open 2025 - A IM Open"]
[Site "Olympik hotel, Prague"]
[Date "2025.01.15"]
[Round "7"]
[Board "19"]
[White "Zhang, Hongya"]
[Black "Filindash, Nikita"]
[Result "0-1"]
[WhiteElo "1648"]
[BlackElo "2072"]
[PlyCount "0"]
[EventDate "2025.01.10"]
[EventRounds "9"]
[EventCountry "CZE"]

1. e4 e5 2. Nf3 Nf6 3. Nxe5 d6 4. Nf3 Nxe4 5. Nc3 Nxc3 6. dxc3 Be7 7. Be3 O-O 8.
Qd2 Be6 9. O-O-O Bxa2 10. b3 a5 11. Kb2 a4 12. Ra1 axb3 13. cxb3 c5 14. Rxa2 Rxa2+
15. Kxa2 Qa5+ 16. Kb2 Nc6 17. Bd3 Ra8 18. Bb1 Bf6 19. Bg5 Nb4 20. Kc1 Bxc3 21. Qxd6
Qa3+ 22. Kd1 Qb2 23. Qxc5 Qxb1+ 24. Bc1 Qc2#  0-1

[Event "Prague Open 2025 - A IM Open"]
[Site "Olympik hotel, Prague"]
[Date "2025.01.16"]
[Round "8"]
[Board "1"]
[White "Lewtak, Damian"]
[Black "Jain, Kashish Manoj"]
[Result "1/2-1/2"]
[WhiteElo "2359"]
[BlackElo "2363"]
[PlyCount "0"]
[EventDate "2025.01.10"]
[EventRounds "9"]
[EventCountry "CZE"]

1. c4 Nf6 2. Nc3 e5 3. g3 Bb4 4. Bg2 O-O 5. e4 Bxc3 6. dxc3 d6 7. Qe2 Be6 8. Nf3
h6 9. Nd2 Qd7 10. Nf1 Bh3 11. f3 Nc6 12. g4 Bxg2 13. Qxg2 Ne7 14. h4 Nh7 15. Ng3
Qe6 16. Qe2 c6 17. Be3 d5 18. Bc5 Rfd8 19. exd5 cxd5 20. Bxe7 Qxe7 21. O-O-O dxc4
 1/2-1/2

[Event "Prague Open 2025 - A IM Open"]
[Site "Olympik hotel, Prague"]
[Date "2025.01.16"]
[Round "8"]
[Board "2"]
[White "Marek, Matyas"]
[Black "Harshavardhan, G B"]
[Result "1/2-1/2"]
[WhiteElo "2314"]
[BlackElo "2405"]
[PlyCount "0"]
[EventDate "2025.01.10"]
[EventRounds "9"]
[EventCountry "CZE"]

1. e4 c5 2. Nf3 Nf6 3. e5 Nd5 4. c4 Nc7 5. d4 cxd4 6. Qxd4 Nc6 7. Qh4 Ne6 8. Bd2
g6 9. Bc3 Bg7 10. Bd3 d6 11. Qg3 dxe5 12. Nxe5 Nxe5 13. Bxe5 Bxe5 14. Qxe5 O-O 15.
Be4 f6 16. Qc3 Nc5 17. Bc2 Bf5 18. O-O Bxc2 19. Qxc2 Qd3 20. Qxd3 Nxd3 21. b3 Rad8
22. Nc3 e6 23. Rfd1 Kf7 24. Rd2 Nc5 25. Rad1 Rxd2 26. Rxd2 Ke7 27. Kf1 a5 28. Ke2
g5 29. f3 h5 30. Nb5 Rc8 31. Rd6 Nd7 32. Rd4 Ra8 33. Nc3 Nc5 34. Ne4 b6 35. Nc3 f5
36. h3 h4 37. Nb5 Nd7 38. Ke3 Rc8 39. Rd2 Ne5 40. Nc3 Ng6 41. Ne2 Rc5 42. Kd4 Rc7
43. Ke3 Rc8 44. Nc3 Nf4 45. Na4 Rd8 46. Rc2 Rd6 47. Nb2 Rd8 48. Na4 Rd3+ 49. Kf2
Rd6 50. Ke3 e5 51. Nb2 Kd7 52. a3 Kc7 53. b4 axb4 54. axb4 Rd8 55. b5 Kb7 56. c5
bxc5 57. Nc4 Rd3+ 58. Kf2 e4 59. fxe4 fxe4 60. Rb2 Rd4 61. Rc2 Nd5 62. g3 Kc7 63.
gxh4 gxh4 64. Ne5 Nb4 65. Rc4 Nd3+ 66. Ke3 Rd5 67. Ng6 Kb6 68. Kxe4 Rd6 69. Nxh4
Nb2 70. Rc2 Rd4+ 71. Kf3 Nd3 72. Kg3 Nb4 73. Rc1 Kxb5 74. Nf3 Rd5 75. h4 c4 76. Kg4
Nd3 77. Rc2 Kb4 78. Nd2 Ne5+ 79. Kf4  1/2-1/2

[Event "Prague Open 2025 - A IM Open"]
[Site "Olympik hotel, Prague"]
[Date "2025.01.16"]
[Round "8"]
[Board "3"]
[White "Pourquet, Matthieu"]
[Black "Kulhanek, Tomas"]
[Result "0-1"]
[WhiteElo "2262"]
[BlackElo "2313"]
[PlyCount "0"]
[EventDate "2025.01.10"]
[EventRounds "9"]
[EventCountry "CZE"]

1. d4 Nf6 2. c4 e6 3. Nf3 Bb4+ 4. Bd2 a5 5. a3 Bxd2+ 6. Qxd2 d6 7. Nc3 Nbd7 8. e4
e5 9. O-O-O Qe7 10. Bd3 O-O 11. Kb1 c6 12. Rhe1 Re8 13. h3 Nf8 14. c5 dxc5 15. dxe5
N6d7 16. e6 Nxe6 17. e5 Rd8 18. Qe3 Nb6 19. Bc2 Nd5 20. Qd3 Nf8 21. Ne4 Bf5 22. Nf6+
Qxf6 23. Qxf5 Qxf5 24. Bxf5 g6 25. Be4 Ne6 26. g3 Rd7 27. Nh2 h5 28. f4 Rad8 29.
Kc1 Nd4 30. Kb1 Kg7 31. h4 Nf5 32. Rd3 Nde7 33. Rxd7 Rxd7 34. Nf1 Rd4 35. Kc2 a4
36. Bd3 b5 37. Bxf5 gxf5 38. e6 b4 39. exf7 Kxf7 40. Re5 b3+ 41. Kc1 Rc4+ 42. Kd1
Kf6 43. Ne3 Re4 44. Rxe4 fxe4 45. Nc4 Nf5 46. Nb6 Ke6 47. Nxa4 Kd5 48. Nc3+ Kd4 49.
a4 Ne3+ 50. Ke2 Nc4 51. Nd1 Nxb2 52. Nxb2 c4 53. Nd1 c3 54. Ne3 b2 55. Nc2+ Kc5  0-1

[Event "Prague Open 2025 - A IM Open"]
[Site "Olympik hotel, Prague"]
[Date "2025.01.16"]
[Round "8"]
[Board "4"]
[White "Vardanyan, Aras"]
[Black "Tolmacevs, Artjoms"]
[Result "1-0"]
[WhiteElo "2312"]
[BlackElo "2252"]
[PlyCount "0"]
[EventDate "2025.01.10"]
[EventRounds "9"]
[EventCountry "CZE"]

1. d4 Nf6 2. c4 c5 3. d5 e6 4. Nc3 exd5 5. cxd5 d6 6. Nf3 g6 7. h3 Bg7 8. Bf4 O-O
9. e3 a6 10. a4 Nh5 11. Bh2 Re8 12. Be2 Qb6 13. Qc1 Nf6 14. Nd2 Qc7 15. Nc4 Bf8 16.
f3 Nbd7 17. e4 Rb8 18. Na3 Bg7 19. O-O Nh5 20. Kh1 Be5 21. f4 Bxc3 22. Qxc3 Nhf6
23. e5 Ne4 24. Qc2 f5 25. Bf3 Nb6 26. Rad1 Qg7 27. Bxe4 fxe4 28. a5 Na8 29. Nc4 dxe5
30. fxe5 b5 31. Nd6 Rf8 32. e6 Bb7 33. Qxe4 Nc7 34. Nxb7 Rxb7 35. d6  1-0